[Event "DEM U14 2023"]
[Site "Willingen GER"]
[Date "2023.05.30"]
[Round "4"]
[White "Melestean, Maxim"]
[Black "Herrmann, Jakob"]
[Result "1/2-1/2"]
[Termination "normal"]
[Board "17"]
[WhiteElo "1450"]
[BlackElo "2084"]
[WhiteClock "00:29:21"]
[BlackClock "00:08:42"]
[PlyCount "75"]
[WhiteFideId "16280393"]
[BlackFideId "16287169"]
[EventCountry "GER"]
[EventRounds "9"]
[EventType "swiss"]
[EventDate "2023.05.27"]

1. d4 {[%clk 01:30:58]} {[%emt 00:00:01]} Nf6 {[%clk 01:30:49]} {[%emt
00:00:11]} 2. c4 {[%clk 01:31:25]} {[%emt 00:00:04]} d6 {[%clk 01:31:11]}
{[%emt 00:00:08]} 3. Nc3 {[%clk 01:31:51]} {[%emt 00:00:03]} e5 {[%clk
01:30:43]} {[%emt 00:00:58]} 4. dxe5 {[%clk 01:27:17]} {[%emt 00:05:04]} dxe5
{[%clk 01:31:07]} {[%emt 00:00:06]} 5. Bg5 {[%clk 01:26:21]} {[%emt 00:01:26]}
Be6 {[%clk 01:29:16]} {[%emt 00:02:21]} 6. Qb3 {[%clk 01:21:03]} {[%emt
00:05:48]} Nbd7 {[%clk 01:24:36]} {[%emt 00:05:10]} 7. Rd1 {[%clk 01:21:06]}
{[%emt 00:00:27]} Bc5 {[%clk 01:21:53]} {[%emt 00:03:13]} 8. Nf3 {[%clk
01:19:22]} {[%emt 00:02:14]} Qc8 {[%clk 01:20:41]} {[%emt 00:01:42]} 9. e3
{[%clk 01:17:37]} {[%emt 00:02:16]} c6 {[%clk 01:20:42]} {[%emt 00:00:29]} 10.
Be2 {[%clk 01:04:09]} {[%emt 00:13:58]} Qc7 {[%clk 01:19:22]} {[%emt 00:01:49]}
11. O-O {[%clk 01:02:38]} {[%emt 00:02:02]} h6 {[%clk 01:19:30]} {[%emt
00:00:22]} 12. Bh4 {[%clk 01:03:00]} {[%emt 00:00:08]} O-O {[%clk 01:19:54]}
{[%emt 00:00:06]} 13. Rd2 {[%clk 00:56:59]} {[%emt 00:06:30]} Be7 {[%clk
01:00:49]} {[%emt 00:19:35]} 14. Rfd1 {[%clk 00:48:45]} {[%emt 00:08:44]} Rad8
{[%clk 00:54:28]} {[%emt 00:06:51]} 15. Qc2 {[%clk 00:42:25]} {[%emt 00:06:50]}
Rfe8 {[%clk 00:49:50]} {[%emt 00:05:07]} 16. Bg3 {[%clk 00:42:09]} {[%emt
00:00:47]} Nh5 {[%clk 00:42:06]} {[%emt 00:08:13]} 17. Ng5 {[%clk 00:41:59]}
{[%emt 00:00:42]} hxg5 {[%clk 00:36:26]} {[%emt 00:06:09]} 18. Bxh5 {[%clk
00:42:27]} {[%emt 00:00:02]} g4 {[%clk 00:36:40]} {[%emt 00:00:15]} 19. f3
{[%clk 00:38:28]} {[%emt 00:04:30]} gxf3 {[%clk 00:27:53]} {[%emt 00:09:17]}
20. Bxf3 {[%clk 00:38:29]} {[%emt 00:00:29]} Bg5 {[%clk 00:27:18]} {[%emt
00:01:04]} 21. Bf2 {[%clk 00:33:06]} {[%emt 00:05:54]} Nf6 {[%clk 00:27:17]}
{[%emt 00:00:30]} 22. Ne4 {[%clk 00:30:55]} {[%emt 00:02:42]} Nxe4 {[%clk
00:27:34]} {[%emt 00:00:13]} 23. Bxe4 {[%clk 00:28:50]} {[%emt 00:02:35]} Rxd2
{[%clk 00:22:24]} {[%emt 00:05:41]} 24. Rxd2 {[%clk 00:29:19]} {[%emt
00:00:01]} Rd8 {[%clk 00:22:44]} {[%emt 00:00:09]} 25. b3 {[%clk 00:28:27]}
{[%emt 00:01:22]} f5 {[%clk 00:21:54]} {[%emt 00:01:21]} 26. Bf3 {[%clk
00:27:11]} {[%emt 00:01:46]} e4 {[%clk 00:20:19]} {[%emt 00:02:05]} 27. Be2
{[%clk 00:27:38]} {[%emt 00:00:03]} c5 {[%clk 00:14:35]} {[%emt 00:06:13]} 28.
Qd1 {[%clk 00:27:42]} {[%emt 00:00:26]} Rxd2 {[%clk 00:13:16]} {[%emt
00:01:50]} 29. Qxd2 {[%clk 00:28:04]} {[%emt 00:00:07]} Kf7 {[%clk 00:12:50]}
{[%emt 00:00:56]} 30. Bg3 {[%clk 00:27:58]} {[%emt 00:00:36]} Qd7 {[%clk
00:12:49]} {[%emt 00:00:31]} 31. Qxd7+ {[%clk 00:28:10]} {[%emt 00:00:18]} Bxd7
{[%clk 00:13:14]} {[%emt 00:00:04]} 32. Kf2 {[%clk 00:28:10]} {[%emt 00:00:30]}
Ke6 {[%clk 00:13:06]} {[%emt 00:00:39]} 33. Bf4 {[%clk 00:28:26]} {[%emt
00:00:14]} Bxf4 {[%clk 00:12:47]} {[%emt 00:00:49]} 34. exf4 {[%clk 00:28:55]}
{[%emt 00:00:02]} Kf6 {[%clk 00:12:48]} {[%emt 00:00:29]} 35. Ke3 {[%clk
00:28:55]} {[%emt 00:00:30]} g5 {[%clk 00:10:34]} {[%emt 00:02:43]} 36. g4
{[%clk 00:28:57]} {[%emt 00:00:27]} fxg4 {[%clk 00:09:46]} {[%emt 00:01:19]}
37. Kxe4 {[%clk 00:29:21]} {[%emt 00:00:07]} Bf5+ {[%clk 00:08:42]} {[%emt
00:01:34]} 38. Ke3 {[%clk 00:29:21]} {[%emt 00:00:29]} 1/2-1/2

[Event "DEM U14 2023"]
[Site "Willingen GER"]
[Date "2023.05.30"]
[Round "4"]
[White "Blodig, Vincent"]
[Black "Torosyan, Bagrat"]
[Result "1-0"]
[Termination "normal"]
[Board "18"]
[WhiteElo "1580"]
[BlackElo "1973"]
[WhiteClock "00:17:36"]
[BlackClock "00:17:23"]
[PlyCount "107"]
[WhiteFideId "16297857"]
[BlackFideId "16258134"]
[EventCountry "GER"]
[EventRounds "9"]
[EventType "swiss"]
[EventDate "2023.05.27"]

1. e4 {[%clk 01:30:56]} {[%emt 00:00:03]} c5 {[%clk 01:30:57]} {[%emt
00:00:04]} 2. Nc3 {[%clk 01:31:17]} {[%emt 00:00:07]} d6 {[%clk 01:31:24]}
{[%emt 00:00:04]} 3. d3 {[%clk 01:31:10]} {[%emt 00:00:38]} Nc6 {[%clk
01:31:38]} {[%emt 00:00:15]} 4. Be3 {[%clk 01:31:01]} {[%emt 00:00:39]} g6
{[%clk 01:30:49]} {[%emt 00:01:19]} 5. g3 {[%clk 01:31:02]} {[%emt 00:00:29]}
Bg7 {[%clk 01:30:59]} {[%emt 00:00:20]} 6. f4 {[%clk 01:30:57]} {[%emt
00:00:34]} Nf6 {[%clk 01:30:32]} {[%emt 00:00:58]} 7. h3 {[%clk 01:26:51]}
{[%emt 00:04:37]} Nd4 {[%clk 01:25:10]} {[%emt 00:05:52]} 8. Bg2 {[%clk
01:23:57]} {[%emt 00:03:23]} O-O {[%clk 01:21:52]} {[%emt 00:03:48]} 9. Nf3
{[%clk 01:23:20]} {[%emt 00:01:06]} Nd7 {[%clk 01:17:47]} {[%emt 00:04:36]} 10.
O-O {[%clk 01:22:54]} {[%emt 00:00:56]} e5 {[%clk 01:15:18]} {[%emt 00:02:59]}
11. Qd2 {[%clk 01:01:16]} {[%emt 00:22:07]} Nb8 {[%clk 00:55:53]} {[%emt
00:19:56]} 12. Nd1 {[%clk 00:49:03]} {[%emt 00:12:42]} Nbc6 {[%clk 00:52:49]}
{[%emt 00:03:35]} 13. c3 {[%clk 00:48:47]} {[%emt 00:00:46]} Nxf3+ {[%clk
00:52:26]} {[%emt 00:00:52]} 14. Rxf3 {[%clk 00:48:44]} {[%emt 00:00:33]} exf4
{[%clk 00:49:43]} {[%emt 00:03:14]} 15. Bxf4 {[%clk 00:42:58]} {[%emt
00:06:16]} Ne5 {[%clk 00:47:38]} {[%emt 00:02:35]} 16. Rf2 {[%clk 00:42:47]}
{[%emt 00:00:41]} Be6 {[%clk 00:38:27]} {[%emt 00:09:41]} 17. b3 {[%clk
00:32:11]} {[%emt 00:11:06]} d5 {[%clk 00:37:28]} {[%emt 00:01:29]} 18. d4
{[%clk 00:23:53]} {[%emt 00:08:48]} cxd4 {[%clk 00:37:24]} {[%emt 00:00:34]}
19. cxd4 {[%clk 00:23:49]} {[%emt 00:00:34]} Nc6 {[%clk 00:37:43]} {[%emt
00:00:11]} 20. e5 {[%clk 00:23:35]} {[%emt 00:00:43]} Qb6 {[%clk 00:31:49]}
{[%emt 00:06:24]} 21. Be3 {[%clk 00:16:50]} {[%emt 00:07:16]} Rad8 {[%clk
00:30:53]} {[%emt 00:01:26]} 22. Nc3 {[%clk 00:16:16]} {[%emt 00:01:04]} Qb4
{[%clk 00:30:46]} {[%emt 00:00:35]} 23. Na4 {[%clk 00:12:22]} {[%emt 00:04:25]}
Qxd2 {[%clk 00:30:37]} {[%emt 00:00:40]} 24. Rxd2 {[%clk 00:12:46]} {[%emt
00:00:06]} b6 {[%clk 00:30:29]} {[%emt 00:00:39]} 25. Nc3 {[%clk 00:09:17]}
{[%emt 00:03:59]} f6 {[%clk 00:28:05]} {[%emt 00:02:53]} 26. exf6 {[%clk
00:09:28]} {[%emt 00:00:19]} Bxf6 {[%clk 00:27:52]} {[%emt 00:00:43]} 27. g4
{[%clk 00:06:53]} {[%emt 00:03:04]} Rfe8 {[%clk 00:22:15]} {[%emt 00:06:08]}
28. Bf2 {[%clk 00:06:33]} {[%emt 00:00:49]} Rd7 {[%clk 00:15:24]} {[%emt
00:07:22]} 29. Re1 {[%clk 00:06:25]} {[%emt 00:00:37]} Ree7 {[%clk 00:15:32]}
{[%emt 00:00:22]} 30. Rxe6 {[%clk 00:05:26]} {[%emt 00:01:29]} Rxe6 {[%clk
00:15:38]} {[%emt 00:00:25]} 31. Bxd5 {[%clk 00:05:39]} {[%emt 00:00:17]} Rxd5
{[%clk 00:14:44]} {[%emt 00:01:23]} 32. Nxd5 {[%clk 00:06:02]} {[%emt
00:00:08]} Bg7 {[%clk 00:14:37]} {[%emt 00:00:36]} 33. Nf4 {[%clk 00:05:24]}
{[%emt 00:01:09]} Rd6 {[%clk 00:14:33]} {[%emt 00:00:33]} 34. Ne2 {[%clk
00:04:42]} {[%emt 00:01:12]} g5 {[%clk 00:11:32]} {[%emt 00:03:32]} 35. Kg2
{[%clk 00:04:50]} {[%emt 00:00:22]} Kf7 {[%clk 00:11:09]} {[%emt 00:00:52]} 36.
Kf3 {[%clk 00:03:22]} {[%emt 00:01:59]} Nb4 {[%clk 00:06:31]} {[%emt 00:05:08]}
37. Ng3 {[%clk 00:03:15]} {[%emt 00:00:36]} Rd8 {[%clk 00:05:14]} {[%emt
00:01:47]} 38. Nf5 {[%clk 00:03:18]} {[%emt 00:00:28]} Bf6 {[%clk 00:05:14]}
{[%emt 00:00:29]} 39. Bg3 {[%clk 00:02:34]} {[%emt 00:01:14]} Nd5 {[%clk
00:03:43]} {[%emt 00:02:01]} 40. Ke4 {[%clk 00:01:42]} {[%emt 00:01:23]} Nc3+
{[%clk 00:02:16]} {[%emt 00:01:57]} 41. Kd3 {[%clk 00:00:36]} {[%emt 00:01:35]}
Nd5 {[%clk 00:29:31]} {[%emt 00:03:15]} 42. a3 {[%clk 00:27:41]} {[%emt
00:03:25]} Ne7 {[%clk 00:24:44]} {[%emt 00:05:18]} 43. Nd6+ {[%clk 00:25:35]}
{[%emt 00:02:36]} Ke6 {[%clk 00:23:12]} {[%emt 00:02:01]} 44. Re2+ {[%clk
00:25:12]} {[%emt 00:00:54]} Kd5 {[%clk 00:23:34]} {[%emt 00:00:06]} 45. Nb5
{[%clk 00:25:11]} {[%emt 00:00:32]} Kc6 {[%clk 00:21:02]} {[%emt 00:03:02]} 46.
Nxa7+ {[%clk 00:24:56]} {[%emt 00:00:46]} Kb7 {[%clk 00:21:18]} {[%emt
00:00:13]} 47. Nb5 {[%clk 00:25:13]} {[%emt 00:00:13]} Nd5 {[%clk 00:19:10]}
{[%emt 00:02:38]} 48. Re6 {[%clk 00:21:21]} {[%emt 00:04:21]} Ka6 {[%clk
00:18:35]} {[%emt 00:01:06]} 49. a4 {[%clk 00:19:52]} {[%emt 00:01:59]} Bg7
{[%clk 00:17:38]} {[%emt 00:01:27]} 50. Rd6 {[%clk 00:19:02]} {[%emt 00:01:21]}
Rxd6 {[%clk 00:18:06]} {[%emt 00:00:02]} 51. Nxd6 {[%clk 00:18:44]} {[%emt
00:00:47]} Ka5 {[%clk 00:18:02]} {[%emt 00:00:34]} 52. Be1+ {[%clk 00:18:46]}
{[%emt 00:00:28]} Ka6 {[%clk 00:18:26]} {[%emt 00:00:06]} 53. Bd2 {[%clk
00:19:03]} {[%emt 00:00:12]} h6 {[%clk 00:17:23]} {[%emt 00:01:34]} 54. Ne8
{[%clk 00:17:36]} {[%emt 00:01:56]} 1-0

[Event "DEM U14 2023"]
[Site "Willingen GER"]
[Date "2023.05.30"]
[Round "4"]
[White "Mester, Philipp"]
[Black "Wylie, Leonard"]
[Result "1-0"]
[Termination "normal"]
[Board "19"]
[WhiteElo "1730"]
[BlackElo "1546"]
[WhiteClock "00:16:35"]
[BlackClock "00:45:26"]
[PlyCount "119"]
[WhiteFideId "34624902"]
[BlackFideId "479616"]
[EventCountry "GER"]
[EventRounds "9"]
[EventType "swiss"]
[EventDate "2023.05.27"]

1. d4 {[%clk 01:30:54]} {[%emt 00:00:05]} Nf6 {[%clk 01:30:29]} {[%emt
00:00:31]} 2. c4 {[%clk 01:31:17]} {[%emt 00:00:07]} g6 {[%clk 01:30:55]}
{[%emt 00:00:04]} 3. f3 {[%clk 01:31:43]} {[%emt 00:00:04]} e6 {[%clk
01:31:08]} {[%emt 00:00:18]} 4. e4 {[%clk 01:31:38]} {[%emt 00:00:34]} c5
{[%clk 01:30:56]} {[%emt 00:00:42]} 5. d5 {[%clk 01:31:59]} {[%emt 00:00:10]}
exd5 {[%clk 01:31:06]} {[%emt 00:00:20]} 6. cxd5 {[%clk 01:31:41]} {[%emt
00:00:47]} d6 {[%clk 01:31:18]} {[%emt 00:00:19]} 7. Nc3 {[%clk 01:31:57]}
{[%emt 00:00:13]} a6 {[%clk 01:31:28]} {[%emt 00:00:20]} 8. a4 {[%clk
01:32:21]} {[%emt 00:00:06]} Bg7 {[%clk 01:31:30]} {[%emt 00:00:28]} 9. Nge2
{[%clk 01:32:43]} {[%emt 00:00:08]} Nbd7 {[%clk 01:31:49]} {[%emt 00:00:11]}
10. Ng3 {[%clk 01:32:53]} {[%emt 00:00:20]} O-O {[%clk 01:31:48]} {[%emt
00:00:31]} 11. Be2 {[%clk 01:32:46]} {[%emt 00:00:38]} Rb8 {[%clk 01:29:06]}
{[%emt 00:03:12]} 12. O-O {[%clk 01:32:33]} {[%emt 00:00:42]} Ne5 {[%clk
01:28:38]} {[%emt 00:00:56]} 13. f4 {[%clk 01:26:35]} {[%emt 00:06:31]} Ned7
{[%clk 01:25:54]} {[%emt 00:03:14]} 14. e5 {[%clk 01:21:31]} {[%emt 00:05:33]}
dxe5 {[%clk 01:24:19]} {[%emt 00:02:05]} 15. f5 {[%clk 01:21:55]} {[%emt
00:00:07]} Nb6 {[%clk 01:24:19]} {[%emt 00:00:29]} 16. d6 {[%clk 01:20:03]}
{[%emt 00:02:23]} Ne8 {[%clk 01:23:30]} {[%emt 00:01:17]} 17. a5 {[%clk
01:17:41]} {[%emt 00:02:53]} Nd7 {[%clk 01:22:55]} {[%emt 00:01:05]} 18. Nge4
{[%clk 01:10:08]} {[%emt 00:08:02]} gxf5 {[%clk 01:22:38]} {[%emt 00:00:48]}
19. Rxf5 {[%clk 01:09:10]} {[%emt 00:01:28]} Ndf6 {[%clk 01:22:58]} {[%emt
00:00:09]} 20. Rf3 {[%clk 00:46:06]} {[%emt 00:23:24]} Nxe4 {[%clk 01:18:05]}
{[%emt 00:05:34]} 21. Nxe4 {[%clk 00:46:11]} {[%emt 00:00:25]} f5 {[%clk
01:17:58]} {[%emt 00:00:36]} 22. Bg5 {[%clk 00:44:42]} {[%emt 00:02:00]} Nf6
{[%clk 01:11:50]} {[%emt 00:06:39]} 23. Bxf6 {[%clk 00:42:50]} {[%emt
00:02:21]} Bxf6 {[%clk 01:12:11]} {[%emt 00:00:09]} 24. Qd5+ {[%clk 00:42:25]}
{[%emt 00:00:54]} Kh8 {[%clk 01:10:59]} {[%emt 00:01:43]} 25. Nxc5 {[%clk
00:42:17]} {[%emt 00:00:38]} e4 {[%clk 01:09:45]} {[%emt 00:01:43]} 26. Rb3
{[%clk 00:41:14]} {[%emt 00:01:33]} b5 {[%clk 01:02:21]} {[%emt 00:07:50]} 27.
axb6 {[%clk 00:39:01]} {[%emt 00:02:48]} Rxb6 {[%clk 01:02:40]} {[%emt
00:00:11]} 28. Rxb6 {[%clk 00:39:09]} {[%emt 00:00:23]} Qxb6 {[%clk 01:02:59]}
{[%emt 00:00:09]} 29. Kf1 {[%clk 00:32:06]} {[%emt 00:07:34]} Qxb2 {[%clk
00:59:29]} {[%emt 00:04:00]} 30. Rd1 {[%clk 00:32:19]} {[%emt 00:00:16]} Rd8
{[%clk 00:59:05]} {[%emt 00:00:54]} 31. d7 {[%clk 00:32:07]} {[%emt 00:00:43]}
Qb6 {[%clk 00:56:22]} {[%emt 00:03:09]} 32. dxc8=Q {[%clk 00:29:10]} {[%emt
00:00:43]} Rxc8 {[%clk 00:56:48]} {[%emt 00:02:52]} 33. Nd7 {[%clk 00:28:15]}
{[%emt 00:01:23]} Qc6 {[%clk 00:52:06]} {[%emt 00:05:06]} 34. Qxf5 {[%clk
00:25:31]} {[%emt 00:03:21]} Bg7 {[%clk 00:50:49]} {[%emt 00:01:33]} 35. Qc5
{[%clk 00:23:03]} {[%emt 00:03:14]} Qb7 {[%clk 00:46:45]} {[%emt 00:04:30]} 36.
Qb6 {[%clk 00:21:36]} {[%emt 00:02:00]} Qxb6 {[%clk 00:46:43]} {[%emt
00:00:33]} 37. Nxb6 {[%clk 00:21:40]} {[%emt 00:00:26]} Rf8+ {[%clk 00:47:05]}
{[%emt 00:00:07]} 38. Kg1 {[%clk 00:21:51]} {[%emt 00:00:18]} Bh6 {[%clk
00:47:04]} {[%emt 00:00:27]} 39. Nd5 {[%clk 00:21:58]} {[%emt 00:00:26]} e3
{[%clk 00:47:24]} {[%emt 00:00:11]} 40. Bxa6 {[%clk 00:19:26]} {[%emt
00:03:03]} Kg7 {[%clk 00:46:39]} {[%emt 00:01:11]} 41. Be2 {[%clk 00:17:48]}
{[%emt 00:02:08]} Kg6 {[%clk 00:46:49]} {[%emt 00:00:23]} 42. Rf1 {[%clk
00:17:53]} {[%emt 00:00:24]} Rd8 {[%clk 00:46:58]} {[%emt 00:00:17]} 43. Ne7+
{[%clk 00:17:52]} {[%emt 00:00:37]} Kg7 {[%clk 00:46:22]} {[%emt 00:01:04]} 44.
Nf5+ {[%clk 00:18:16]} {[%emt 00:00:08]} Kg6 {[%clk 00:46:23]} {[%emt
00:00:29]} 45. Nxh6 {[%clk 00:18:36]} {[%emt 00:00:10]} Kxh6 {[%clk 00:46:24]}
{[%emt 00:00:29]} 46. Re1 {[%clk 00:18:45]} {[%emt 00:00:20]} Rf8 {[%clk
00:46:29]} {[%emt 00:00:25]} 47. Bf3 {[%clk 00:18:53]} {[%emt 00:00:22]} Re8
{[%clk 00:46:47]} {[%emt 00:00:12]} 48. Kf1 {[%clk 00:19:09]} {[%emt 00:00:13]}
Kg5 {[%clk 00:45:58]} {[%emt 00:01:19]} 49. Rd1 {[%clk 00:17:13]} {[%emt
00:02:23]} Kf4 {[%clk 00:44:33]} {[%emt 00:01:57]} 50. Rd4+ {[%clk 00:17:11]}
{[%emt 00:00:33]} Kf5 {[%clk 00:44:49]} {[%emt 00:00:14]} 51. Ke2 {[%clk
00:17:24]} {[%emt 00:00:17]} Kg5 {[%clk 00:44:40]} {[%emt 00:00:37]} 52. Be4
{[%clk 00:17:19]} {[%emt 00:00:36]} h5 {[%clk 00:44:31]} {[%emt 00:00:40]} 53.
Kxe3 {[%clk 00:17:21]} {[%emt 00:00:28]} h4 {[%clk 00:44:49]} {[%emt 00:00:13]}
54. Kf2 {[%clk 00:16:25]} {[%emt 00:01:25]} h3 {[%clk 00:44:56]} {[%emt
00:00:24]} 55. g3 {[%clk 00:16:42]} {[%emt 00:00:13]} Rb8 {[%clk 00:45:07]}
{[%emt 00:00:19]} 56. Rd5+ {[%clk 00:16:57]} {[%emt 00:00:15]} Kh6 {[%clk
00:44:58]} {[%emt 00:00:38]} 57. g4 {[%clk 00:16:13]} {[%emt 00:01:13]} Rb2+
{[%clk 00:44:59]} {[%emt 00:00:30]} 58. Kg3 {[%clk 00:16:30]} {[%emt 00:00:13]}
Rb3+ {[%clk 00:45:22]} {[%emt 00:00:08]} 59. Bd3 {[%clk 00:16:29]} {[%emt
00:00:28]} Rb7 {[%clk 00:45:26]} {[%emt 00:00:24]} 60. Kxh3 {[%clk 00:16:35]}
{[%emt 00:00:28]} 1-0

[Event "DEM U14 2023"]
[Site "Willingen GER"]
[Date "2023.05.30"]
[Round "4"]
[White "Steger, Lukas Daniel"]
[Black "Ahryzkov, Ivan"]
[Result "1-0"]
[Termination "normal"]
[Board "20"]
[WhiteElo "1732"]
[BlackElo "1494"]
[WhiteClock "00:19:17"]
[BlackClock "00:01:15"]
[PlyCount "105"]
[WhiteFideId "3335151"]
[BlackFideId "34123750"]
[EventCountry "GER"]
[EventRounds "9"]
[EventType "swiss"]
[EventDate "2023.05.27"]

1. e4 {[%clk 01:30:57]} {[%emt 00:00:02]} d5 {[%clk 01:28:51]} {[%emt
00:02:10]} 2. exd5 {[%clk 01:31:20]} {[%emt 00:00:07]} Qxd5 {[%clk 01:29:17]}
{[%emt 00:00:05]} 3. Nc3 {[%clk 01:31:43]} {[%emt 00:00:07]} Qa5 {[%clk
01:29:42]} {[%emt 00:00:04]} 4. d4 {[%clk 01:31:51]} {[%emt 00:00:22]} Bf5
{[%clk 01:29:33]} {[%emt 00:00:39]} 5. Nf3 {[%clk 01:31:47]} {[%emt 00:00:34]}
c6 {[%clk 01:29:11]} {[%emt 00:00:52]} 6. Bd2 {[%clk 01:31:35]} {[%emt
00:00:42]} Nf6 {[%clk 01:27:44]} {[%emt 00:01:56]} 7. Bc4 {[%clk 01:30:40]}
{[%emt 00:01:26]} e6 {[%clk 01:27:22]} {[%emt 00:00:52]} 8. O-O {[%clk
01:29:31]} {[%emt 00:01:39]} Qc7 {[%clk 01:26:55]} {[%emt 00:00:56]} 9. Re1
{[%clk 01:28:08]} {[%emt 00:01:53]} Be7 {[%clk 01:26:05]} {[%emt 00:01:20]} 10.
Ne5 {[%clk 01:24:45]} {[%emt 00:03:53]} Nbd7 {[%clk 01:22:07]} {[%emt
00:04:29]} 11. Bf4 {[%clk 01:20:31]} {[%emt 00:04:44]} Nxe5 {[%clk 01:21:31]}
{[%emt 00:01:06]} 12. Bxe5 {[%clk 01:19:17]} {[%emt 00:01:45]} Qd7 {[%clk
01:20:29]} {[%emt 00:01:31]} 13. Bd3 {[%clk 01:16:31]} {[%emt 00:03:15]} Bg6
{[%clk 01:20:06]} {[%emt 00:00:53]} 14. Bxg6 {[%clk 01:12:55]} {[%emt
00:04:07]} hxg6 {[%clk 01:19:41]} {[%emt 00:00:55]} 15. Ne4 {[%clk 01:10:59]}
{[%emt 00:02:26]} Rh4 {[%clk 00:57:59]} {[%emt 00:22:11]} 16. Qf3 {[%clk
00:54:55]} {[%emt 00:16:35]} Nxe4 {[%clk 00:53:28]} {[%emt 00:05:02]} 17. Rxe4
{[%clk 00:54:42]} {[%emt 00:00:43]} Rxe4 {[%clk 00:53:50]} {[%emt 00:00:08]}
18. Qxe4 {[%clk 00:54:59]} {[%emt 00:00:12]} Bf6 {[%clk 00:53:34]} {[%emt
00:00:45]} 19. c3 {[%clk 00:52:10]} {[%emt 00:03:20]} O-O-O {[%clk 00:52:42]}
{[%emt 00:01:21]} 20. Re1 {[%clk 00:51:10]} {[%emt 00:01:30]} Qd5 {[%clk
00:49:24]} {[%emt 00:03:49]} 21. Qxd5 {[%clk 00:47:05]} {[%emt 00:04:35]} cxd5
{[%clk 00:49:18]} {[%emt 00:00:35]} 22. Re3 {[%clk 00:37:52]} {[%emt 00:09:44]}
Rh8 {[%clk 00:44:51]} {[%emt 00:04:57]} 23. g4 {[%clk 00:29:39]} {[%emt
00:08:42]} Bxe5 {[%clk 00:42:37]} {[%emt 00:02:44]} 24. Rxe5 {[%clk 00:29:29]}
{[%emt 00:00:42]} Kd7 {[%clk 00:42:53]} {[%emt 00:00:13]} 25. Kg2 {[%clk
00:29:23]} {[%emt 00:00:36]} a5 {[%clk 00:34:07]} {[%emt 00:09:16]} 26. f4
{[%clk 00:28:44]} {[%emt 00:01:09]} Kd6 {[%clk 00:30:39]} {[%emt 00:03:58]} 27.
Kg3 {[%clk 00:27:23]} {[%emt 00:01:51]} a4 {[%clk 00:13:35]} {[%emt 00:17:34]}
28. a3 {[%clk 00:26:13]} {[%emt 00:01:40]} Rh6 {[%clk 00:10:45]} {[%emt
00:03:18]} 29. h4 {[%clk 00:25:12]} {[%emt 00:01:32]} Kc6 {[%clk 00:09:49]}
{[%emt 00:01:26]} 30. c4 {[%clk 00:21:27]} {[%emt 00:04:16]} Kd6 {[%clk
00:06:25]} {[%emt 00:03:52]} 31. cxd5 {[%clk 00:21:31]} {[%emt 00:00:28]} exd5
{[%clk 00:06:47]} {[%emt 00:00:07]} 32. Re8 {[%clk 00:21:26]} {[%emt 00:00:36]}
Rh7 {[%clk 00:03:45]} {[%emt 00:03:32]} 33. Rf8 {[%clk 00:20:53]} {[%emt
00:01:03]} f6 {[%clk 00:04:04]} {[%emt 00:00:11]} 34. Ra8 {[%clk 00:19:19]}
{[%emt 00:02:03]} b5 {[%clk 00:04:28]} {[%emt 00:00:07]} 35. Ra5 {[%clk
00:18:52]} {[%emt 00:00:58]} Kc6 {[%clk 00:04:49]} {[%emt 00:00:07]} 36. Ra6+
{[%clk 00:18:55]} {[%emt 00:00:28]} Kc7 {[%clk 00:02:42]} {[%emt 00:02:37]} 37.
g5 {[%clk 00:18:20]} {[%emt 00:01:05]} Kb7 {[%clk 00:02:32]} {[%emt 00:00:40]}
38. Rd6 {[%clk 00:18:30]} {[%emt 00:00:20]} Rh8 {[%clk 00:02:33]} {[%emt
00:00:29]} 39. gxf6 {[%clk 00:18:37]} {[%emt 00:00:24]} gxf6 {[%clk 00:02:57]}
{[%emt 00:00:06]} 40. Rxf6 {[%clk 00:18:59]} {[%emt 00:00:07]} Re8 {[%clk
00:02:33]} {[%emt 00:00:53]} 41. Rxg6 {[%clk 00:19:00]} {[%emt 00:00:28]} Re2
{[%clk 00:02:47]} {[%emt 00:00:18]} 42. h5 {[%clk 00:18:28]} {[%emt 00:01:02]}
Rxb2 {[%clk 00:03:13]} {[%emt 00:00:04]} 43. h6 {[%clk 00:18:28]} {[%emt
00:00:30]} Rb1 {[%clk 00:03:40]} {[%emt 00:00:03]} 44. Kh2 {[%clk 00:18:35]}
{[%emt 00:00:22]} b4 {[%clk 00:01:31]} {[%emt 00:02:40]} 45. h7 {[%clk
00:18:40]} {[%emt 00:00:25]} bxa3 {[%clk 00:00:53]} {[%emt 00:01:09]} 46. h8=Q
{[%clk 00:18:49]} {[%emt 00:00:21]} a2 {[%clk 00:01:00]} {[%emt 00:00:22]} 47.
Qg7+ {[%clk 00:18:11]} {[%emt 00:01:08]} Ka8 {[%clk 00:01:23]} {[%emt
00:00:07]} 48. Qg8+ {[%clk 00:18:08]} {[%emt 00:00:32]} Ka7 {[%clk 00:01:17]}
{[%emt 00:00:37]} 49. Rg7+ {[%clk 00:18:14]} {[%emt 00:00:24]} Ka6 {[%clk
00:01:10]} {[%emt 00:00:35]} 50. Qa8+ {[%clk 00:18:34]} {[%emt 00:00:12]} Kb6
{[%clk 00:00:36]} {[%emt 00:01:05]} 51. Qa7+ {[%clk 00:18:55]} {[%emt
00:00:08]} Kb5 {[%clk 00:00:48]} {[%emt 00:00:18]} 52. Qc5+ {[%clk 00:19:17]}
{[%emt 00:00:06]} Ka6 {[%clk 00:01:15]} {[%emt 00:00:05]} 53. Ra7# {[%emt
00:00:06]} 1-0